02353nkc a2200337za 450000100060000000300040000600500170001000700070002700800410003404000240007510000330009924500350013226000240016730001000019150002740029150001930056550000650075850001340082350001690095750400520112650500340117851001510121251002100136356101300157361000460170365100190174965500320176870000530180085200120185385601500186584710OSt20260324151732.0kh boc 25041s19101913sp ||||| |||| 0| i|spa d aM-RABAbspacM-RABA1 aElorza, Lorenzod(1861-1931)10aUnzáb: La Iglesia c/ L. E. c[ca. 1910 – 1911] a1 fotografía b: gelatina de platac; imagen 12 x 17 cm c; soporte secundario 21,5 x 26,5 cm aVista exterior de la iglesia parroquial de San Fausto de Unzá, de nave rectangular con cabecera recta, donde se abren un ventanal con arco de medio punto y tres arquivoltas y, sobre él, un óculo de triple rosca. La torre presenta tres vanos, dos de ellos cegados. aFotografía montada sobre soporte secundario de cartulina azul enmarcada con orla en relieve. Título y numeración manuscrita que hace referencia a la posición en la serie “155”. aSello con monograma del fotógrafo en tinta roja “L.E.” aFechas tomadas de la ejecución del positivo de las fotografías, incluido el soporte secundario. (Soto Madrazo, Javier. 2008). aForma parte de un conjunto de 167 fotografías empleadas por Federico Baráibar Zumárraga para la elaboración del Inventario del Románico en Álava (1911). aBaraibar, F.: "Rincones artísticos", M. 1914. aUnzá.- La Iglesia. / L. E.  aDescripción tomada de: Soto Madrazo, Javier (2008). Federico Baraibar y el Inventario del Románico en Álava: una caja con 167 fotografías. aEsta colección fue utilizada posteriormente por Cristóbal de Castro para la elaboración y publicación del "Catálogo Monumental de España: provincia de Álava", Madrid, S. de Rivadeneira, 1915. aDonadas junto con la memoria manuscrita a la Academia por el mismo Baraibar (Sesión 12 de febrero de 1912, Archivo: 4-32-1)27aIglesia parroquial de San Fausto (Unzá) 7aÁlava2embne 0aFotografías de monumentos1 aBaráibar y Zumárraga, Federico d(1851-1918) jFot-264 3Fot-264uhttps://archivoybiblioteca.realacademiabellasartessanfernando.com/cgi-bin/koha/opac-retrieve-file.pl?id=a23aebb0dac976339042544b73f34c96